Najbardziej pochmurne kraje - Statystyki

Ogólne statystyki
  • Ten quiz został rozwiązany 9 razy
  • Średni wynik to 15 z 20
Statystyki odpowiedzi
% Kontynent Państwo % Poprawnych
84,4 Europa Islandia
100%
81,5 Europa Norwegia
100%
71,1 Europa Polska
100%
78,2 Europa Szwecja
100%
72,2 Europa Dania
89%
71,0 Europa Estonia
89%
79,6 Europa Finlandia
89%
74,4 Europa Holandia
89%
80,1 Europa Irlandia
89%
72,0 Europa Luksemburg
89%
71,5 Europa Niemcy
89%
78,4 Europa Wielka Brytania
89%
72,6 Europa Belgia
78%
70,5 Europa Czechy
67%
79,4 Ameryka Południowa Ekwador
67%
71,2 Oceania Nauru
56%
70,2 Oceania Mikronezja
44%
83,5 Afryka Wyspy Świętego Tomasza i Książęca
33%
75,2 Afryka Gwinea Równikowa
22%
75,5 Afryka Gabon
11%
Nie znaleziono quizów pasujących do podanych kryteriów
Rozkład punktacji
Procent ludzi z każdym wynikiem
Percentyl według liczby udzielonych odpowiedzi
Twoja historia wyników
Nie rozwiązałeś tego quizu